000 00308nam a22001337a 4500
008 170324b xxu||||| |||| 00| 0 eng d
020 _a9780736045933
041 _aeng
080 _a615.83
100 _a8
101 _aSHM
245 _aSUCCESSFUL FITNES MOTIVATION STRATEGIES
_cBREHM.B.A
942 _2udc
_cBK
999 _c8537
_d8537